00910nam a22002297i 450000500170000000800410001702000540005804000250011208200140013724500880015126400630023926400110030230000460031333600210035933700250038033800230040552001480042865000290057665000250060565000230063070000270065320190415113804.0190414t20182018-uka j 000 1 eng d a9781786174901qpaperbackcRM125.90 (set)cRM6.29 aPPAKbengcPPAKerda04a398.222310aThe Twelve Dancing Princessess ♥ The Flower Princess /cSenior Editor Becky Miles 1aEssex, United Kingdom :bMiles Kelly Publishing Ltd,c2018 4c©2018 a24 pages :bcolour illustrations ;c21 cm 2rdacontentatext 2rdamediaaunmediated 2rdacarrieravolume aChildren will love these charming princess stories. Both traditional and modern tales are told in a clear and engaging way to encourage reading10aFolk literature, English20aFairy tales, English20aChildren's stories1 aMiles, Becky,eeditor.